000 00322nam a22001217a 4500
999 _c9580
_d9580
003 OSt
008 201203b ||||| |||| 00| 0 eng d
245 _aBulletin of Materials Science
250 _a2015(Feb Vol.38 No.1, Apr Vol.38 No.2)
260 _aBengaluru
_bSpringer
650 _aMechanical Engineering
942 _2ddc
_cBV